000 00720nam a2200229Ia 4500
003 OSt
005 20220923230710.0
006 a|||||r|||| 00| 0
007 ta
008 Pun
024 _a304,842
037 _cTextual
040 _aARTS
_cARTS
_bPun
041 _2Pun
_aPun
082 _aV4:19.N7, 153L4
100 _aਕੌFਕ, ਦੇਵਿੰਦਰ; ਪੀਰਥਮ, ਸਤਯੇ੍ਵਦਰ
_9169131
245 0 _aਏFੀਆ ਵਿਚ ਸਾਂਝੀ ਸੁਰੱਖਿਆ
260 _c1974
650 _aਭਾਰਤੀਯ ਇਤਿਹਾਸ
942 _hV4:19.N7, 153L4
_cTEXL
_2CC
999 _c386649
_d386649